Home Print Resources E-Books E-Journals IIMT Lecture Series Library Membership Form Book Recommendation Form Campus Tour Take AdmissionAbout Us Contact Us

AYURVEDIYA ANUSANDHAN PADDHATI (Record no. 50907)

000 -LEADER
fixed length control field nam a22 7a 4500
003 - CONTROL NUMBER IDENTIFIER
control field OSt
005 - DATE AND TIME OF LATEST TRANSACTION
control field 20211019100840.0
008 - FIXED-LENGTH DATA ELEMENTS--GENERAL INFORMATION
fixed length control field 211019b xxu||||| |||| 00| 0 eng d
040 ## - CATALOGING SOURCE
Transcribing agency IIMT UNIVERSITY, MEERUT
Modifying agency IIMT UNIVERSITY, MEERUT
050 ## - LIBRARY OF CONGRESS CALL NUMBER
Classification number 654.615
Item number R
082 ## - DEWEY DECIMAL CLASSIFICATION NUMBER
Edition number 1ST
Classification number 654.615SHA
Item number R
100 ## - MAIN ENTRY--PERSONAL NAME
Personal name ACHARYA SHARMA P V
245 ## - TITLE STATEMENT
Title AYURVEDIYA ANUSANDHAN PADDHATI
Statement of responsibility, etc. AUTHOR
Medium HINDI
250 ## - EDITION STATEMENT
Edition statement 1ST ED
260 ## - PUBLICATION, DISTRIBUTION, ETC.
Place of publication, distribution, etc. VARANASI
Name of publisher, distributor, etc. CHAUKHAMBHA
Date of publication, distribution, etc. 2017
300 ## - PHYSICAL DESCRIPTION
Extent 152 P P
Other physical details PAPERBACK
760 ## - MAIN SERIES ENTRY
Edition 1ST ED.
856 ## - ELECTRONIC LOCATION AND ACCESS
Materials specified PAPERBACK
Public note RESEARCH
887 ## - NON-MARC INFORMATION FIELD
Source of data BOOK
942 ## - ADDED ENTRY ELEMENTS (KOHA)
Source of classification or shelving scheme
Koha item type Text-Book- for 7 days
Edition 1ST ED.
Classification part TITLE
Item part BOOK
Call number prefix 658.4SHA
Call number suffix 658.4SHA
Suppress in OPAC RESEARCH
Holdings
Withdrawn status Lost status Source of classification or shelving scheme Materials specified (bound volume or other part) Damaged status Not for loan Home library Current library Date acquired Source of acquisition Coded location qualifier Cost, normal purchase price Inventory number Total Checkouts Full call number Barcode Date last seen Copy number Uniform Resource Identifier Cost, replacement price Price effective from Koha item type Public note
      PAPERBACK     IIMT Ayurveda Medical College and Hospital(0669) IIMT Ayurveda Medical College and Hospital(0669) 10/19/2021 ARISTA DELHI 615.251SHA 150.00 HO/PI/29 DATED 13 SEP 2021   654.615SHA R 30-B-2595 10/19/2021 R 615.251SHA 150.00 10/19/2021 Text-Book- for 7 days RESEARCH
      PAPERBACK     IIMT Ayurveda Medical College and Hospital(0669) IIMT Ayurveda Medical College and Hospital(0669) 10/19/2021 ARISTA DELHI 615.251SHA 150.00 HO/PI/29 DATED 13 SEP 2021   654.615SHA R 30-B-2596 10/19/2021 R 615.251SHA 150.00 10/19/2021 Text-Book- for 7 days RESEARCH
      PAPERBACK     IIMT Ayurveda Medical College and Hospital(0669) IIMT Ayurveda Medical College and Hospital(0669) 10/19/2021 ARISTA DELHI 615.251SHA 150.00 HO/PI/29 DATED 13 SEP 2021   654.615SHA R 30-B-2597 10/19/2021 R 615.251SHA 150.00 10/19/2021 Text-Book- for 7 days RESEARCH
      PAPERBACK     IIMT Ayurveda Medical College and Hospital(0669) IIMT Ayurveda Medical College and Hospital(0669) 10/19/2021 ARISTA DELHI 615.251SHA 150.00 HO/PI/29 DATED 13 SEP 2021   654.615SHA R 30-B-2598 10/19/2021 R 615.251SHA 150.00 10/19/2021 Text-Book- for 7 days RESEARCH
      PAPERBACK     IIMT Ayurveda Medical College and Hospital(0669) IIMT Ayurveda Medical College and Hospital(0669) 10/19/2021 ARISTA DELHI 615.251SHA 150.00 HO/PI/29 DATED 13 SEP 2021   654.615SHA R 30-B-2599 10/19/2021 R 615.251SHA 150.00 10/19/2021 Text-Book- for 7 days RESEARCH
IIMT, Central Library. All Rights Reserved IIMT,UNIVERSITY © 2023
Implemented and Customised by I CLOUDE EMS
You Are OPAC Visitor No
free web counter

Powered by Koha